000 00420nam a2200181Ia 4500
001 10504
005 20260306161837.0
008 260306t2000||||xx |||||||||||||| ||spa||
041 _aESP
082 _a940
_bH22 V. 2
100 _aHarrison, John B.
_eAUT
245 0 _aEstudio de las civilizaciones occidentales
260 _c2000
300 _a
_c
650 _aGEN
654 _aCHU
942 _cLIB
_dJUS
_fJUS
_2ddc
_n
999 _c10504
_d10504